000 00259nam a2200109Ia 4500
008 200302s9999 xx 000 0 und d
100 _aJames Morris
245 _aVienna Objects and Rituals
260 _bEllipsis London Ltd.
260 _c1997
300 _a79 P.,
999 _c2173
_d2173